Elvis: A biography (Record no. 31550)

MARC details
000 -LEADER
fixed length control field 00268nam a2200109Ia 4500
082 ## - DEWEY DECIMAL CLASSIFICATION NUMBER
Classification number 929 A/Z(ELV)
Item number HOP;1
100 ## - MAIN ENTRY--AUTHOR NAME
Personal name Hopkins, Jerry
245 #0 - TITLE STATEMENT
Title Elvis: A biography
260 ## - PUBLICATION, DISTRIBUTION, ETC. (IMPRINT)
Place of publication New York
Name of publisher Warner
Year of publication 1975
942 ## - ADDED ENTRY ELEMENTS (KOHA)
Koha item type Books
Holdings
Withdrawn status Lost status Damaged status Not for loan Home library Current library Date acquired Cost, normal purchase price Full call number Accession Number Koha item type
        RRII Library RRII Library 16/12/2021 1.95 929 A/Z(ELV) HOP;1 12093 Books